000 00946nam a2200289Ia 4500
003 OSt
005 20221006141223.0
006 a|||||r|||| 00| 0
007 ta
008 221006b |||||||| |||| 00| 0 chi d
024 _a1,552
037 _cDissertations
040 _aEASL
_cEASL
_bchi
041 _2chi
_achi
082 _a0000081, KAL
100 _aKalia Monica
_9644952
110 _aDelhi University. Social Sciences. Chinese & Japanese Studies
_9644953
245 0 _aRole of the Chinese enterpreneur in the development of modern industry in China In the nineteenth Century Madhavi Thampi
260 _c1993
300 _a74p.
_ccm.
490 _v Dis
500 _aBoth Acc. Nos. are of same dissertation
650 _aDiss
_9644954
700 _aDelhi University. Social Sciences. Chinese & Japanese Studies
_9644955
942 _h0000081, KAL
_cDIS
_2CC
999 _c1069638
_d1069638